| 000 | 00345cam a22001097a 4500 | ||
|---|---|---|---|
| 008 | 180718b1972 xxu||||| |||| 00| 0 eng d | ||
| 082 | _aB7303x5434 L969 2 | ||
| 245 |
_aHandbook of municipal laws vol.[1] _cedited by K.C. Luhadiya |
||
| 260 |
_aJaipur _bThe Rajasthan Local Self Govt. Institute _c1972 |
||
| 300 | _aiv,931p | ||
| 700 | _aLuhadiya, K.C. | ||
| 999 |
_c415773 _d415773 |
||